[Event "15th Africa-ch (w)"]
[Site "Lagos NGR"]
[Date "2022.09.19"]
[Round "2.1"]
[White "Vilhete, Vania Fausto"]
[Black "Wafa, Shahenda"]
[Result "0-1"]
[WhiteElo "1718"]
[BlackElo "2110"]
[EventDate "2022.09.18"]
[PlyCount "60"]

1.d4 Nf6 2.c4 e6 3.Nf3 b6 4.Bg5 Bb4+ 5.Nc3 Bb7 6.e3 h6 7.Bh4 g5 8.Bg3 Ne4 
9.Rc1 h5 10.d5 Nxc3 11.bxc3 Ba3 12.Qd4 Rf8 13.Rd1 h4 14.dxe6 hxg3 15.exf7+
Rxf7 16.hxg3 Bxf3 17.gxf3 Nc6 18.Rh8+ Bf8 19.Qe4+ Qe7 20.Qd5 Qf6 21.Rg8 
Qxc3+ 22.Ke2 Qf6 23.Rxg5 O-O-O 24.Bh3 Rh7 25.Bg4 Kb8 26.Rf5 Qc3 27.Qg8 Rh8
28.Qf7 Bb4 29.Rfd5 Qxc4+ 30.R1d3 Qxa2+ 0-1

[Event "15th Africa-ch (w)"]
[Site "Lagos NGR"]
[Date "2022.09.19"]
[Round "2.2"]
[White "Caxita, Esperanca"]
[Black "Onoja, Iyefu Joy"]
[Result "1/2-1/2"]
[WhiteElo "1961"]
[BlackElo "1762"]
[EventDate "2022.09.18"]
[PlyCount "91"]

1.e4 c6 2.d4 d5 3.exd5 cxd5 4.Bd3 Nc6 5.c3 Nf6 6.Nf3 Bg4 7.Bf4 e6 8.Nbd2 
Bd6 9.Bg3 a6 10.Qb3 Rb8 11.Ne5 Bxe5 12.dxe5 Nd7 13.f4 Nc5 14.Qc2 Nxd3+ 15.
Qxd3 Bf5 16.Qe2 b5 17.a3 d4 18.Ne4 O-O 19.Rd1 Qa5 20.O-O dxc3 21.Nxc3 b4 
22.axb4 Nxb4 23.Bh4 Qb6+ 24.Kh1 Nc2 25.Rd2 Qxb2 26.Nd1 Qb5 27.Qf2 Rfc8 28.
Rg1 Qb6 29.Qxb6 Rxb6 30.Nf2 Ne3 31.Re1 Nc4 32.Rc1 Rb1 33.Rdd1 Rxc1 34.Rxc1
Rb8 35.Nd1 Rb1 36.Rxb1 Bxb1 37.Bf2 a5 38.Bd4 a4 39.Nb2 Nxb2 40.Bxb2 Kf8 
41.Kg1 Ke8 42.Kf2 Kd7 43.Ke3 Kc6 44.Kd4 Kb5 45.Ba3 h5 46.h4 1/2-1/2

[Event "15th Africa-ch (w)"]
[Site "Lagos NGR"]
[Date "2022.09.19"]
[Round "2.3"]
[White "Laubscher, Anzel"]
[Black "Paulo, Jemima"]
[Result "0-1"]
[WhiteElo "1705"]
[BlackElo "1886"]
[EventDate "2022.09.18"]
[PlyCount "66"]

1.e4 c5 2.Nf3 d6 3.d3 Nf6 4.g3 g6 5.Bg2 Bg7 6.O-O O-O 7.Nbd2 Nc6 8.Re1 e5 
9.a4 d5 10.exd5 Nxd5 11.Nc4 f6 12.Nfd2 b6 13.Ne4 Be6 14.Bd2 Qd7 15.a5 Nd4 
16.axb6 axb6 17.Rxa8 Rxa8 18.Nxb6 Nxb6 19.Nxc5 Qc7 20.Nxe6 Nxe6 21.Bxa8 
Nxa8 22.Qa1 Qc6 23.Qa2 Nc7 24.b4 Bf8 25.c3 Kg7 26.Re4 Bd6 27.Qa7 Qd5 28.
Qe3 Ng5 29.Rc4 e4 30.Rd4 Nf3+ 31.Kf1 Nxd4 32.cxd4 exd3 33.Qxd3 Nb5 0-1

[Event "15th Africa-ch (w)"]
[Site "Lagos NGR"]
[Date "2022.09.19"]
[Round "2.4"]
[White "Aramude, Sandra"]
[Black "Van Zyl, Charlize"]
[Result "0-1"]
[WhiteElo "1813"]
[BlackElo "1710"]
[EventDate "2022.09.18"]
[PlyCount "58"]

1.b3 e5 2.Bb2 Nc6 3.e3 Nf6 4.Bb5 e4 5.c4 Nb4 6.Bd4 Nd3+ 7.Ke2 c6 8.Ba4 a6 
9.b4 b5 10.Bb3 Bxb4 11.a3 Bc5 12.Bxc5 Nxc5 13.cxb5 axb5 14.Qc2 Qe7 15.f3 
Qe5 16.Ra2 O-O 17.Nh3 d6 18.Nf2 Nxb3 19.Qxb3 Be6 20.Qc2 Bc4+ 21.Kd1 Bxa2 
22.Qxa2 b4 23.Qb3 bxa3 24.Nc3 Rfb8 25.Qa2 Rb2 26.Qa1 Nd5 27.Nfxe4 f5 28.
Nxd5 Qxd5 29.Nc3 Qxd2# 0-1

[Event "15th Africa-ch (w)"]
[Site "Lagos NGR"]
[Date "2022.09.19"]
[Round "2.5"]
[White "Oyelese, Mayomi"]
[Black "Amadasun, Rosemary"]
[Result "0-1"]
[WhiteElo "1677"]
[BlackElo "1807"]
[EventDate "2022.09.18"]
[PlyCount "168"]

1.d4 d5 2.c4 e6 3.Nc3 Nf6 4.Bg5 Be7 5.Nf3 h6 6.Bf4 c6 7.a3 a5 8.e3 dxc4 9.
Bxc4 Nd5 10.Nxd5 exd5 11.Bd3 Nd7 12.Rc1 Nf6 13.h3 Bd6 14.Be5 Qe7 15.Qc2 
Be6 16.O-O g5 17.Bxd6 Qxd6 18.Bf5 Qd7 19.Bxe6 Qxe6 20.Ne5 h5 21.Qb3 Qe7 
22.Rc2 O-O 23.Qd3 Ne4 24.Qe2 h4 25.Qf3 Qe6 26.Qh5 Kg7 27.a4 Rh8 28.Qf3 f6 
29.Nd3 Kg6 30.Nc5 Nxc5 31.Rxc5 f5 32.Rfc1 Qe4 33.Qxe4 fxe4 34.b3 Kf5 35.
Rb1 g4 36.hxg4+ Kxg4 37.Kh2 Rhf8 38.Rc2 Rf6 39.b4 axb4 40.Rxb4 Ra7 41.Rcb2
Rf7 42.Kg1 Rh7 43.Kh2 h3 44.g3 Kf3 45.Ra2 b5 46.a5 Ra6 47.Rbb2 Kg4 48.Rb1 
Rha7 49.Rba1 b4 50.Kg1 b3 51.Ra4 b2 52.Rb1 Rxa5 53.Rxa5 Rxa5 54.Rxb2 Ra1+ 
55.Kh2 Kf3 56.Rc2 Rf1 57.Rb2 Rxf2+ 58.Rxf2+ Kxf2 59.Kxh3 Kxe3 60.g4 Kd2 
61.g5 e3 62.Kg4 e2 63.Kf5 e1=Q 64.Kf6 Qf2+ 65.Kg7 Qxd4+ 66.Kh7 Qe4+ 67.g6 
d4 68.Kg7 Qe7+ 69.Kh8 d3 70.g7 Qxg7+ 71.Kxg7 c5 72.Kf6 c4 73.Ke5 c3 74.Ke4
c2 75.Kd4 c1=Q 76.Ke4 Kc2 77.Kd4 d2 78.Ke3 d1=Q+ 79.Ke4 Qd3+ 80.Ke5 Qe1+ 
81.Kf4 Qdg3+ 82.Kf5 Qf3+ 83.Kg5 Qg1+ 84.Kh4 Qfh1# 0-1

[Event "15th Africa-ch (w)"]
[Site "Lagos NGR"]
[Date "2022.09.19"]
[Round "2.6"]
[White "Michael, Bridget"]
[Black "Likando, Namakau"]
[Result "1/2-1/2"]
[WhiteElo "1800"]
[BlackElo "1527"]
[EventDate "2022.09.18"]
[PlyCount "106"]

1.e4 c5 2.Nf3 e6 3.d4 cxd4 4.Nxd4 Qb6 5.Nb3 Nf6 6.Bd3 Nc6 7.O-O Be7 8.Be3 
Qc7 9.Nc3 a6 10.f4 d6 11.a4 Bd7 12.Qf3 O-O 13.g4 Nb4 14.g5 Ne8 15.Qh5 Nxd3
16.cxd3 f5 17.Rf3 g6 18.Qh6 Rf7 19.exf5 Bf8 20.Qh4 exf5 21.Bd4 Bg7 22.Qf2 
Bc6 23.Re3 Qd7 24.Re2 Nc7 25.Bxg7 Rxg7 26.Nd4 Re7 27.Nxc6 bxc6 28.Rae1 
Rae8 29.Qa7 Rxe2 30.Rxe2 Rxe2 31.Nxe2 Qe7 32.Kf2 c5 33.Qb8+ Kg7 34.Qb7 d5 
35.Nc3 d4 36.Ne2 h6 37.h4 hxg5 38.hxg5 Kf8 39.Ke1 Qd6 40.Qc8+ Ke7 41.Kd1 
Nd5 42.Qb7+ Kd8 43.Qf7 Ne3+ 44.Kd2 Qb6 45.Qf8+ Kd7 46.Qf7+ Kc8 47.Qe8+ Kc7
48.Qf7+ Kb8 49.Qe8+ Ka7 50.Qe7+ Ka8 51.Qe8+ Kb7 52.Qf7+ Kc8 53.Qe8+ Kc7 
1/2-1/2

[Event "15th Africa-ch (w)"]
[Site "Lagos NGR"]
[Date "2022.09.19"]
[Round "2.7"]
[White "Pelomoh, Jessica"]
[Black "Phiri, Bertha"]
[Result "0-1"]
[WhiteElo "1904"]
[BlackElo "1584"]
[EventDate "2022.09.18"]
[PlyCount "98"]

1.d4 d5 2.Bf4 Bf5 3.Nf3 Nf6 4.e3 e6 5.Nbd2 Bd6 6.Ne5 Qe7 7.a3 O-O 8.c4 c6 
9.c5 Bc7 10.Be2 Ne4 11.Nxe4 Bxe4 12.Bf3 f6 13.Nd3 e5 14.Bg3 Bxd3 15.Qxd3 
e4 16.Bxe4 dxe4 17.Qb3+ Qf7 18.Qb4 Na6 19.Qa4 Bxg3 20.fxg3 Nc7 21.O-O Nd5 
22.Qb3 Rad8 23.Rac1 Rfe8 24.a4 Rd7 25.Qa3 a5 26.Rf5 Qe6 27.Rcf1 Nb4 28.g4 
Qa2 29.Qc3 Nd5 30.Qd2 Qxa4 31.g5 Rf7 32.h4 Qb3 33.Re1 g6 34.Rf2 Qb4 35.Qe2
Ref8 36.gxf6 Rxf6 37.Ref1 Rxf2 38.Rxf2 Rxf2 39.Kxf2 Qb3 40.g4 Qd3 41.Qe1 
Nb4 42.Kg3 Nc2 43.Qxa5 Qxe3+ 44.Kh2 Qe2+ 45.Kh3 Qf1+ 46.Kh2 Ne3 47.Qd8+ 
Qf8 48.Qxf8+ Kxf8 49.Kg3 Nd5 0-1

[Event "15th Africa-ch (w)"]
[Site "Lagos NGR"]
[Date "2022.09.19"]
[Round "2.8"]
[White "Ofowino, Toritsemuwa"]
[Black "Ampaire, Shakira"]
[Result "1/2-1/2"]
[WhiteElo "1857"]
[BlackElo "1657"]
[EventDate "2022.09.18"]
[PlyCount "161"]

1.d4 c6 2.Nf3 Nf6 3.Bf4 Qb6 4.Qc1 Nh5 5.Bxb8 Rxb8 6.e3 d5 7.Bd3 Bg4 8.Ne5 
Bc8 9.c4 g6 10.Nc3 e6 11.O-O Bg7 12.Nf3 O-O 13.a3 Nf6 14.cxd5 exd5 15.Qc2 
Re8 16.b4 Bd7 17.Rab1 a5 18.Ne5 axb4 19.axb4 Qc7 20.b5 Qd6 21.Na4 Ng4 22.
Nxg4 Bxg4 23.Rfc1 cxb5 24.Bxb5 Rec8 25.Qb3 Bf5 26.Rxc8+ Rxc8 27.Bd3 Bxd3 
28.Qxd3 Qc6 29.Qb3 b5 30.Nc5 Rb8 31.Nd3 Bf8 32.Nf4 Qc4 33.Nxd5 Qxb3 34.
Rxb3 Bd6 35.g3 f5 36.f3 Kf7 37.Kf2 b4 38.Nf4 g5 39.Nd3 Ke6 40.e4 Rc8 41.
Ke3 Rc2 42.exf5+ Kxf5 43.Rb2 Rc4 44.g4+ Ke6 45.Ke4 Be7 46.h3 Bd6 47.Rb3 
Rc2 48.Nxb4 Re2+ 49.Kd3 Rh2 50.Kc4 Rxh3 51.Na6 h5 52.gxh5 Rxh5 53.Nc5+ Kf5
54.Rb6 Bh2 55.Ne4 Kf4 56.Nd2 Ke3 57.Nf1+ Kxf3 58.Nxh2+ Rxh2 59.d5 Rd2 60.
d6 g4 61.Rb3+ Kf2 62.Rd3 Rxd3 63.Kxd3 g3 64.d7 g2 65.d8=Q g1=Q 66.Qd4+ Kf1
67.Qa1+ Kf2 68.Qb2+ Kg3 69.Qg7+ Kf2 70.Qf6+ Kg3 71.Qg5+ Kf2 72.Qe3+ Kg2 
73.Qe4+ Kf2 74.Qf4+ Kg2 75.Qe4+ Kf2 76.Qe2+ Kg3 77.Qe5+ Kf2 78.Qf4+ Kg2 
79.Qg4+ Kf2 80.Qf4+ Kg2 81.Ke4 1/2-1/2

[Event "15th Africa-ch (w)"]
[Site "Lagos NGR"]
[Date "2022.09.19"]
[Round "2.9"]
[White "Nkhoma, Desiderata"]
[Black "Oloruntola, Oluwatobiloba"]
[Result "1/2-1/2"]
[WhiteElo "1446"]
[BlackElo "1918"]
[EventDate "2022.09.18"]
[PlyCount "57"]

1.e4 e6 2.d4 d5 3.e5 c5 4.c3 Nc6 5.Nf3 Qb6 6.Be2 Nge7 7.O-O cxd4 8.cxd4 
Nf5 9.Nc3 Nfxd4 10.Na4 Nxe2+ 11.Qxe2 Qc7 12.Bg5 Be7 13.Rac1 Bxg5 14.Nxg5 
Qxe5 15.Qh5 Qf5 16.Nc5 h6 17.Ngxe6 Bxe6 18.Nxe6 Qxh5 19.Nxg7+ Kd7 20.Nxh5 
Rad8 21.Rfd1 d4 22.Nf6+ Ke6 23.Ne4 Kd5 24.Nc5 b6 25.Nd3 Rc8 26.f3 Rhd8 27.
b3 Ke6 28.Kf2 Rd6 29.Nb4 1/2-1/2

[Event "15th Africa-ch (w)"]
[Site "Lagos NGR"]
[Date "2022.09.19"]
[Round "2.10"]
[White "Karyah, Abigail"]
[Black "Pires, Luzia"]
[Result "1/2-1/2"]
[WhiteElo "1435"]
[BlackElo "1839"]
[EventDate "2022.09.18"]
[PlyCount "167"]

1.e4 c5 2.Nf3 d6 3.d4 cxd4 4.Nxd4 Nf6 5.Nc3 g6 6.Be3 Bg7 7.f3 O-O 8.Qd2 
Nc6 9.Bc4 Bd7 10.g4 Ne5 11.Bb3 Rc8 12.h4 h5 13.gxh5 Nxh5 14.f4 Nc4 15.Bxc4
Rxc4 16.f5 Qa5 17.Rg1 Kh7 18.Qg2 Be8 19.O-O-O Rxc3 20.fxg6+ fxg6 21.bxc3 
Qxc3 22.Rd3 Qa1+ 23.Kd2 Qxa2 24.Qg5 Qf7 25.Ne2 Qf6 26.Ng3 Nf4 27.Rb3 Bc6 
28.Rf1 e5 29.Bxa7 Qe6 30.h5 Bh6 31.hxg6+ Qxg6 32.Qxg6+ Kxg6 33.Be3 Kf6 34.
Rh1 Bg5 35.Rb4 d5 36.exd5 Bxd5 37.Rf1 Ke6 38.Nh5 Rd8 39.Nxf4+ exf4 40.Bd4 
Bc6 41.Kc3 f3 42.Bb6 Bd2+ 43.Kb2 Rg8 44.Rb3 Rf8 45.Bc5 Rf5 46.Be3 Ba5 47.
Bb6 Bxb6 48.Rxb6 Ke5 49.Rb4 Kd5 50.Kc1 Kc5 51.c3 b6 52.Rf2 Rf8 53.Kd2 Bd5 
54.Rh4 Rf7 55.Rd4 b5 56.Rh4 Ra7 57.Kd3 Ra3 58.Rc2 Bb3 59.Rc1 Bc4+ 60.Rxc4+
bxc4+ 61.Ke3 Ra2 62.Kxf3 Rd2 63.Re1 Kb5 64.Rb1+ Ka5 65.Ra1+ Kb5 66.Rb1+ 
Kc5 67.Re1 Rd3+ 68.Re3 Rd5 69.Kf4 Rd1 70.Re5+ Kd6 71.Re4 Rf1+ 72.Ke3 Kd5 
73.Rd4+ Kc5 74.Re4 Rf5 75.Re8 Rd5 76.Rc8+ Kb5 77.Rb8+ Ka5 78.Ra8+ Kb6 79.
Rb8+ Kc7 80.Rb4 Rd3+ 81.Ke4 Rxc3 82.Kd4 Rh3 83.Rxc4+ Kd6 84.Rc8 1/2-1/2

[Event "15th Africa-ch (w)"]
[Site "Lagos NGR"]
[Date "2022.09.19"]
[Round "2.11"]
[White "Marochkina, Nadezhda"]
[Black "Oyenga, Justine Anassika"]
[Result "1-0"]
[WhiteElo "1689"]
[BlackElo "1192"]
[EventDate "2022.09.18"]
[PlyCount "69"]

1.d4 d5 2.c4 c6 3.Nc3 Nf6 4.Bg5 e6 5.e3 Be7 6.Bd3 O-O 7.Nf3 Nbd7 8.O-O Qc7
9.Rc1 dxc4 10.Bxc4 b5 11.Be2 Bd6 12.Nxb5 Qb8 13.Nxd6 Qxd6 14.Bf4 Qe7 15.
Rxc6 Qd8 16.Bc7 Qe8 17.Bd6 Bb7 18.Rc7 Rb8 19.Bxf8 Nd5 20.Rc2 Kxf8 21.Qd2 
N7f6 22.Ne5 Bc8 23.Qa5 Nb4 24.Rc7 Bd7 25.Qxa7 Ra8 26.Qc5+ Qe7 27.Nxd7+ 
Nxd7 28.Rxd7 Qxc5 29.dxc5 Rc8 30.a3 Nc6 31.b4 Ne5 32.Rd2 Ke7 33.f4 Nc6 34.
Bf3 f5 35.Rfd1 1-0

[Event "15th Africa-ch (w)"]
[Site "Lagos NGR"]
[Date "2022.09.19"]
[Round "2.12"]
[White "Yavo, Tchetche Marie"]
[Black "Mudodo, Refiloe Hazel"]
[Result "0-1"]
[WhiteElo "1363"]
[BlackElo "1683"]
[EventDate "2022.09.18"]
[PlyCount "64"]

1.d4 Nf6 2.e3 d5 3.Bd3 g6 4.f4 Bg4 5.Nf3 e6 6.h3 Bf5 7.Be2 Bg7 8.c3 O-O 9.
O-O Nbd7 10.Ne5 c5 11.Nd2 cxd4 12.exd4 Ne4 13.Qe1 f6 14.Nxd7 Qxd7 15.g4 
Nxd2 16.Qxd2 Be4 17.Bf3 Rac8 18.Qe2 f5 19.g5 Qc6 20.Bxe4 fxe4 21.Be3 Rf5 
22.h4 Bf8 23.Rf2 Bd6 24.Raf1 Qc4 25.Qxc4 Rc7 26.Qc5 Rxc5 27.Rc2 Rc4 28.b3 
b5 29.Rff2 Rc7 30.Bc1 Rf8 31.Bb2 Rfc8 32.Kg2 Bb4 0-1

[Event "15th Africa-ch (w)"]
[Site "Lagos NGR"]
[Date "2022.09.19"]
[Round "2.14"]
[White "Ayemou, Akissi Victoire Sinchie"]
[Black "Ayemou, Mazan Emmanuela Esther"]
[Result "0-1"]
[WhiteElo "1182"]
[BlackElo "1523"]
[EventDate "2022.09.18"]
[PlyCount "80"]

1.e4 e5 2.Nf3 Nc6 3.Bb5 a6 4.Ba4 Nf6 5.O-O b5 6.Bb3 Bc5 7.Re1 d6 8.c3 O-O 
9.d4 exd4 10.cxd4 Bb4 11.Bd2 Bxd2 12.Qxd2 Bg4 13.Qd1 Re8 14.h3 Bh5 15.Bc2 
Qd7 16.a3 Bxf3 17.Qxf3 Nxd4 18.Qd3 Nxc2 19.Qxc2 h6 20.Nc3 Re7 21.Re2 Rae8 
22.Rae1 Qc6 23.Qd3 Qc5 24.Kh1 c6 25.f4 Nh5 26.Qf3 Nf6 27.g4 g5 28.f5 Re5 
29.Qe3 Qxe3 30.Rxe3 d5 31.Rd1 Nxe4 32.Nxe4 Rxe4 33.Rxe4 Rxe4 34.b3 Re3 35.
Kg2 Rxb3 36.Rc1 Rxa3 37.Rxc6 Kg7 38.Rd6 b4 39.Rxd5 b3 40.Rd1 b2 0-1